000
00260nam a2200097Ia 4500
001
691753
005
20250826161841.0
008
250824s9999 xx 000 0 und d
245
0
_a
HAYAT KAYNAĞI KURAN TEFSİRİ 2
_c
PROF. DR. M. SAİD ŞİMŞEK
260
_b
BEYAN
999
_c
691753
_d
691753